000 00717na a2200253 4500
001 19211
003 MIRAKIL
005 20181213155058.0
008 161210b tu 000 0
020 _a9786054723614
035 _a19211
040 _aMilas
_btur
_cTR-AnCHP
041 _atur
082 _a370.9561
_bA62d 2014
090 _a370.9561 A62d 2014
100 _aArayıcı, Ali
245 _aDünyada ve Türkiye'de eğitim stratejileri
_bGörüşler öneriler
_cAli Arayıcı
260 _aİstanbul
_bOzan Yayıncılık
_c2014
300 _a432 s.
_c22 sm.
500 _aYapıt yazarından imzalıdır.
504 _aKaynakça var.
650 _aEğitim politikası
_zTürkiye
942 _2dcc
_cBKS
999 _c6163
_d6163